I shall not hate : a gaza doctor's journey on the road to peace and human dignity
| Main Author: | Abulaish, Izzeldin |
|---|---|
| Published: |
London:
Bloomsbury,
2010.
|
| Subjects: |
| LEADER | 00569cam a2200169 7i4500 | ||
|---|---|---|---|
| 001 | 0000048334 | ||
| 005 | 20241128090000.0 | ||
| 020 | |a 9781408822098 | ||
| 090 | 0 | 0 | |a R644.P3 |b A28 2010 |
| 100 | 1 | |a Abulaish, Izzeldin | |
| 245 | 1 | 0 | |a I shall not hate : |b a gaza doctor's journey on the road to peace and human dignity |c Izzeldin Abulaish. |
| 260 | |a London: |b Bloomsbury, |c 2010. | ||
| 300 | |a 239 p. | ||
| 500 | |a Gift: Zainol Ahmad Resource Center | ||
| 650 | 0 | 0 | |a Physicians -- |z Gaza Strip |
| 650 | 0 | 0 | |a Gaza War, 2008-2009 |
| 999 | |a 0000061788 |b BOK |c OPEN SHELF |e 1st Floor, Shah Alam | ||


